| 000 | 00852nam a22002417a 4500 | ||
|---|---|---|---|
| 999 |
_c5555 _d5555 |
||
| 003 | AR-CdUCM | ||
| 008 | 190312b ||||| |||| 00| 0 spa d | ||
| 040 |
_aMUNICIPALIDAD PROVINCIAL DEL CUSCO _cBIBLIOTECA MUNICIPAL DEL CUSCO |
||
| 082 |
_a985.009 / _bR18 |
||
| 245 |
_aAntonio raimondi; Julio C. Tello / _bStéfano Varese; Toribio Mejía Xesspe |
||
| 260 |
_aLima : _bUniversitaria, _c1965. |
||
| 300 |
_a111 páginas ; _bfotografías ; _c19 cm. |
||
| 440 |
_a Biblioteca hombres del Perú _n : XXVIII _916647 |
||
| 500 | _aDonación de la familia Nieto. | ||
| 650 |
_aBiografías _9148 |
||
| 650 |
_aAntonio Raymondi _916648 |
||
| 650 |
_aJulio C. Tello _916649 |
||
| 650 |
_aHombres del Perú - Biografías _92160 |
||
| 700 |
_aVarese, Stéfano _916650 |
||
| 700 |
_a Mejía Xesspe, Toribio _916651 |
||
| 942 |
_2ddc _cLIBROS |
||
| 945 | _alccs | ||